Statistieken voor Israël Trivia Quiz

Klik hier om de quiz te nemen!

Algemene statistieken

  • Deze quiz is 405 keer genomen
  • De gemiddelde score is 11 van 20

Antwoordstatistieken

HintAntwoord% Correct
Stad die legaal de hoofdstad van Israël is, hoewel veel andere landen het niet erkennenJeruzalem
95%
Officiële taalHebreeuws
84%
Twee meest dichtbevolkte steden aan de Israëlische kustTel Aviv
84%
Twee zeeën die aan Israël grenzenMiddellandse zee
81%
Twee zeeën die aan Israël grenzenRode zee
80%
Zoute binnenzee gevonden op 430 meter onder zeeniveauDode zee
78%
Object dat op de vlag staat{David}ster
71%
Schiereiland dat Israël in 1982 teruggaf naar EgypteSinaï
58%
Rivier aan de oostgrens van IsraëlJordaan
53%
Twee meest dichtbevolkte steden aan de Israëlische kustHaifa
52%
Dit "isme" wordt gedefinieerd als de ondersteuning van een Joods thuisland in het Heilige Land{Zion}isme
52%
Gebied dat Israël in 1967 van Syrië heeft veroverd{Golan}hoogten
49%
De naam van de nationale inlichtingendienst van IsraëlMossad
48%
Naam van de wetgevende macht van IsraëlDe Knesset
38%
Oorlog gevochten door Israël in 1973Jom Kipoeroorlog
38%
Oorlog gevochten door Israël in 1967Zesdaagse oorlog
38%
Valuta van IsraëlDe Sjekel
36%
Noem een van de twee Israëli's die in 1994 een Nobelprijs voor de Vrede deelden met Yasser ArafatYitzhak Rabin /
Shimon Peres
35%
Waterlichaam waar Jezus op liep (volgens de Bijbel)Meer van Galilea
32%
Woestijn die de zuidelijke helft van Israël omvatNegev
30%

Scoreverdeling

Percentiel versus Aantal Correcte Antwoorden

Procent van Mensen met Elke Score

Uw Scoregeschiedenis

U heeft deze quiz nog niet genomen